| 000 | 00523nam a2200169Ia 4500 | ||
|---|---|---|---|
| 008 | 090711s9999 xx 000 0 und d | ||
| 082 | _b80077 | ||
| 100 | _aखरे सुरेश | ||
| 245 | _aस्वर जुळता गीत फुटे | ||
| 260 | _c1993 | ||
| 300 | _a80 | ||
| 600 | _aखरे सुरेश | ||
| 630 | _aस्वर जुळता गीत फुटे | ||
| 700 | _aखरे सुरेश | ||
| 730 | _aस्वर जुळता गीत फुटे | ||
| 942 | _cBOOK | ||
| 999 |
_c305568 _d305568 |
||